Panduan beramal ibadah : sesuai diamalkan di masjid, rumah, tanah suci dan sebagainya

Bibliographic Details
Main Author: Johari Alias Haji
Format: Book
Published: Kuala Lumpur : Darul Nu'man , 1999
Subjects:

MARC

LEADER 00000cam a2200000 7i4500
001 0000013665
005 20080122.0
008 080122
020 |a 9830461750 
090 0 0 |a 297.57   |b JOH 
100 0 |a Johari Alias   |c Haji 
245 1 0 |a Panduan beramal ibadah :   |b sesuai diamalkan di masjid, rumah, tanah suci dan sebagainya   |c Haji Johari Hj Alias 
260 |a Kuala Lumpur :   |b Darul Nu'man ,   |c 1999 
650 0 |a Islam   |x Customs and practices 
650 0 |a Islam   |x Prayers and devotions 
650 0 |a Prayer   |x Islam 
999 |a 0000922831   |b Book   |c Adult Collection   |e Cawangan Bukit Gambir 
999 |a 0000936154   |b Book   |c Adult Collection   |e Cawangan Tangkak 
999 |a 0001005928   |b Book   |c Adult Collection   |e Perbadanan Perpustakaan Awam Johor 
999 |a 0001005929   |b Book   |c Adult Collection   |e Perbadanan Perpustakaan Awam Johor 
999 |a 0001005930   |b Book   |c Adult Collection   |e Perbadanan Perpustakaan Awam Johor